| 000 | 00621nam a2200217 a 4500 | ||
|---|---|---|---|
| 001 | 69751 | ||
| 003 | BD-RjUL | ||
| 005 | 20211209081924.0 | ||
| 008 | 170413s1962 ric 001 0 eng d | ||
| 035 | _a(BD-RjUL)69963 | ||
| 040 |
_dBD-RjUL _beng _aBD-RjUL _cBD-RjUL |
||
| 041 | _aeng | ||
| 082 |
_223 _a515.3 _bTHS 1962 |
||
| 100 | 1 |
_aThomas, Joseph Miller, _d1898- _9206604 |
|
| 245 | 1 | 0 |
_aSystems and roots / _cJoseph M Thomas |
| 260 |
_aRichmond, Va. : _bWilliam Byrd Press, _c1962. |
||
| 300 |
_a123 p. ; _c24 cm. |
||
| 500 | _aIncludes index | ||
| 650 | 0 |
_aDifferential equations, Partial. _9206605 |
|
| 942 |
_2ddc _cBK |
||
| 999 |
_c69751 _d69751 |
||